[Event "Heusenstamm Sparkassen op-B 6th"]
[Site "Heusenstamm"]
[Date "2019.11.24"]
[Round "6"]
[White "Bastian, Ben"]
[Black "Alt, Johannes1111"]
[Result "1-0"]
[WhiteElo "1632"]
[BlackElo "1200"]
[PlyCount "139"]
[EventDate "2019.11.21"]
[EventType "swiss"]
[EventRounds "7"]
[EventCountry "GER"]
[SourceTitle "CBM 194 Extra"]
[Source "ChessBase"]
[SourceDate "2020.03.31"]
[SourceVersion "1"]
[SourceVersionDate "2020.03.31"]
[SourceQuality "1"]

1. d4 Nf6 2. c4 g6 3. Nc3 Bg7 4. Nf3 0-0 5. e4 d6 6. Be3 b6 7. d5 c6 8. Nd4 c5 9. Nde2 Ng4 10. Qd2 Ne5 11. Ng3 f5 12. Be2 fxe4 13. Ncxe4 Nbd7 14. f4 Nf7 15. f5 gxf5 16. Nxf5 Nde5 17. Nxg7 Kxg7 18. Ng5 Kg8 19. Ne6 Bxe6 20. dxe6 Nh8 21. 0-0-0 Qc8 22. Qd5 Qc6 23. Bh6 Qxd5 24. cxd5 Rf2 25. Bh5 Nhg6 26. Rd2 Rxd2 27. Kxd2 a5 28. Be2 Nh4 29. Rf1 a4 30. g3 Nhg6 31. h4 Rb8 32. h5 Nh8 33. Bf4 Kg7 34. Bxe5+ dxe5 35. Ke3 b5 36. Ke4 b4 37. Kxe5 a3 38. b3 Rc8 39. g4 Rd8 40. Rc1 Rf8 41. Rf1 Rd8 42. g5 Kg8 43. Bd3 Kg7 44. h6+ Kg8 45. Rg1 Ng6+ 46. Bxg6 hxg6 47. Rf1 Rc8 48. d6 exd6+ 49. Kxd6 c4 50. Rc1 Rd8+ 51. Kc5 cxb3 52. e7 Re8 53. axb3 Rxe7 54. Kxb4 a2 55. Ka3 Re5 56. Rc8+ Kh7 57. Rc7+ Kh8 58. Kxa2 Rxg5 59. Rg7 Ra5+ 60. Kb2 Rh5 61. Rxg6 Kh7 62. Rc6 Rb5 63. Kc3 Rb8 64. b4 Rb5 65. Kc4 Rb7 66. Kc5 Rb8 67. b5 Rb7 68. b6 Rb8 69. Kb5 Ra8 70. b7 1-0

[Event "Hofheim Spring op-B 6th"]
[Site "Hofheim"]
[Date "2018.04.05"]
[Round "4"]
[White "Bastian, Ben"]
[Black "Rades, Andreas"]
[Result "0-1"]
[WhiteElo "1602"]
[BlackElo "1496"]
[PlyCount "104"]
[EventDate "2018.04.03"]
[EventType "swiss"]
[EventRounds "9"]
[EventCountry "GER"]
[SourceTitle "EXT 2020"]
[Source "ChessBase"]
[SourceDate "2019.10.17"]
[SourceVersion "1"]
[SourceVersionDate "2019.10.17"]
[SourceQuality "1"]

1. e4 c6 2. d4 d5 3. exd5 cxd5 4. Nf3 Nf6 5. Bd3 Bg4 6. Bf4 Nc6 7. c3 e6 8. Nbd2 Bd6 9. Bxd6 Qxd6 10. h3 Bh5 11. Qb3 0-0 12. 0-0 a6 13. Rfe1 b5 14. a3 Na5 15. Qc2 Rac8 16. Ne5 Nc4 17. Ndf3 Bxf3 18. Nxf3 g6 19. Ne5 Kg7 20. Re2 Nh5 21. Bxc4 bxc4 22. Qd2 f6 23. Ng4 Nf4 24. Re3 h5 25. Nh2 Rb8 26. Nf3 Nd3 27. Rb1 Rb3 28. Nh4 Qf4 29. g3 Qh6 30. Rxd3 cxd3 31. Qxd3 Rfb8 32. Qxa6 R3b6 33. Qa4 R8b7 34. b4 g5 35. Ng2 Qg6 36. Qd1 Rc7 37. Rc1 Rbc6 38. Qd2 Qf5 39. Kh2 Qf3 40. b5 Rc4 41. Ne3 Ra4 42. Ra1 h4 43. b6 hxg3+ 44. fxg3 Rb7 45. Rf1 Qh5 46. Qf2 Qf7 47. Qb2 Ra6 48. Rb1 Qe7 49. a4 Rxa4 50. Qb5 Ra2+ 51. Kg1 Qd6 52. Nf1 Ra8 0-1

[Event "Heusenstamm Sparkassen op-A 4th"]
[Site "Heusenstamm"]
[Date "2017.11.25"]
[Round "4"]
[White "Lesny, Florian"]
[Black "Bastian, Ben"]
[Result "1-0"]
[WhiteElo "2041"]
[BlackElo "1675"]
[PlyCount "69"]
[EventDate "2017.11.23"]
[EventType "swiss"]
[EventRounds "7"]
[EventCountry "GER"]
[SourceTitle "EXT 2019"]
[Source "ChessBase"]
[SourceDate "2018.10.10"]
[SourceVersion "1"]
[SourceVersionDate "2018.10.10"]
[SourceQuality "1"]

1. e4 e5 2. Nf3 Nc6 3. Bc4 Bc5 4. 0-0 Nf6 5. d3 0-0 6. Nbd2 d6 7. c3 Bg4 8. h3 Bd7 9. a4 a5 10. Re1 Re8 11. Nf1 Be6 12. Bb5 Bd7 13. Ng3 Ne7 14. Bxd7 Nxd7 15. Qb3 Bb6 16. d4 Ng6 17. Bg5 Qb8 18. Nf5 Qa7 19. h4 h6 20. Bd2 Nf6 21. Bxh6 gxh6 22. Nxh6+ Kg7 23. Qxf7+ Kxh6 24. Qxf6 Rf8 25. Qg5+ Kh7 26. Qh5+ Kg7 27. Ng5 Rae8 28. Qh7+ Kf6 29. h5 Nf4 30. Qh6+ Ke7 31. g3 Nd3 32. Qg7+ Kd8 33. Ne6+ Rxe6 34. Qxf8+ Re8 35. Qf6+ 1-0

[Event "Heusenstamm Sparkassen op U14 3rd"]
[Site "Heusenstamm"]
[Date "2016.11.27"]
[Round "3"]
[White "Bastian, Ben"]
[Black "Porstendoerfer, Yannik"]
[Result "1/2-1/2"]
[WhiteElo "981"]
[BlackElo "1231"]
[PlyCount "101"]
[EventDate "2016.11.27"]
[EventType "swiss"]
[EventRounds "5"]
[EventCountry "GER"]
[SourceTitle "EXT 2018"]
[Source "ChessBase"]
[SourceDate "2017.10.13"]
[SourceVersion "1"]
[SourceVersionDate "2017.10.13"]
[SourceQuality "1"]

1. e4 e5 2. Nf3 Nc6 3. Bc4 Nf6 4. Ng5 d5 5. exd5 Na5 6. Bb5+ c6 7. dxc6 bxc6 8. Ba4 h6 9. Nf3 e4 10. Ng1 Bc5 11. Ne2 Ng4 12. 0-0 Qh4 13. h3 Nxf2 14. Rxf2 Qxf2+ 15. Kh1 Qh4 16. Qf1 Qf2 17. Qxf2 Bxf2 18. b4 Nb7 19. Bxc6+ Ke7 20. Bxe4 Rb8 21. a3 Nd6 22. Bf3 Bf5 23. d3 Rbc8 24. Nbc3 Be6 25. Bb2 Rhg8 26. Rf1 Bh4 27. Rc1 Bg5 28. Rb1 Bf6 29. Rc1 Nb5 30. Nd5+ Bxd5 31. Bxf6+ Kxf6 32. Bxd5 Nxa3 33. c4 Rge8 34. Nd4 Re3 35. Rd1 Rce8 36. Rf1+ Ke5 37. Nc6+ Kd6 38. Rxf7 Rxd3 39. Rxg7 Nxc4 40. Bxc4 Rd1+ 41. Kh2 Kxc6 42. Rxa7 Rb1 43. Ra6+ Kc7 44. b5 Rh8 45. Rc6+ Kd7 46. Be6+ Ke7 47. Bc4 Rc1 48. g4 Rc3 49. b6 Kd7 50. Rc7+ Kd6 51. Kg2 1/2-1/2